Human Resource Management (Record no. 3581)
[ view plain ]
| 000 -LEADER | |
|---|---|
| fixed length control field | 00328nam a2200145Ia 4500 |
| 008 - FIXED-LENGTH DATA ELEMENTS--GENERAL INFORMATION | |
| fixed length control field | 191201s2011 xx 000 0 und d |
| 082 ## - DEWEY DECIMAL CLASSIFICATION NUMBER | |
| Classification number | 658.3 |
| Item number | RAH |
| 100 ## - MAIN ENTRY--PERSONAL NAME | |
| Personal name | RAO, VSP |
| 245 #0 - TITLE STATEMENT | |
| Title | Human Resource Management |
| 250 ## - EDITION STATEMENT | |
| Edition statement | Rep. |
| 260 ## - PUBLICATION, DISTRIBUTION, ETC. (IMPRINT) | |
| Place of publication, distribution, etc | N.Delhi |
| Name of publisher, distributor, etc | Excel Books |
| Date of publication, distribution, etc | 2011 |
| 300 ## - PHYSICAL DESCRIPTION | |
| Extent | 839 |
| 650 ## - SUBJECT ADDED ENTRY--TOPICAL TERM | |
| Topical term or geographic name as entry element | MBA |
| 942 ## - ADDED ENTRY ELEMENTS (KOHA) | |
| Source of classification or shelving scheme | Dewey Decimal Classification |
| Koha item type | Text Books |
| Withdrawn status | Lost status | Source of classification or shelving scheme | Damaged status | Not for loan | Collection code | Home library | Current library | Date acquired | Source of acquisition | Cost, normal purchase price | Bill Number | Total Checkouts | Full call number | Acc. no. / Barcode | Date last seen | Bill Date | Koha item type |
|---|---|---|---|---|---|---|---|---|---|---|---|---|---|---|---|---|---|
| Dewey Decimal Classification | MBA | PIET C-LIBRARY | PIET C-LIBRARY | 07/11/2008 | J B C, New Delhi | 325.00 | SI-4098 | 658.3 RAH | 9961 | 04/12/2019 | 16/10/2008 | Text Books | |||||
| Dewey Decimal Classification | MBA | PIET C-LIBRARY | PIET C-LIBRARY | 07/11/2008 | J B C, New Delhi | 325.00 | SI-4098 | 658.3 RAH | 9962 | 04/12/2019 | 16/10/2008 | Text Books | |||||
| Dewey Decimal Classification | MBA | PIET C-LIBRARY | PIET C-LIBRARY | 07/11/2008 | J B C, New Delhi | 325.00 | SI-4098 | 658.3 RAH | 9963 | 04/12/2019 | 16/10/2008 | Text Books | |||||
| Dewey Decimal Classification | MBA | PIET C-LIBRARY | PIET C-LIBRARY | 07/11/2008 | J B C, New Delhi | 325.00 | SI-4098 | 658.3 RAH | 9964 | 04/12/2019 | 16/10/2008 | Text Books | |||||
| Dewey Decimal Classification | MBA | PIET C-LIBRARY | PIET C-LIBRARY | 07/11/2008 | J B C, New Delhi | 325.00 | SI-4098 | 658.3 RAH | 9965 | 04/12/2019 | 16/10/2008 | Text Books | |||||
| Dewey Decimal Classification | MBA | PIET C-LIBRARY | PIET C-LIBRARY | 07/11/2008 | J B C, New Delhi | 325.00 | SI-4098 | 658.3 RAH | 9966 | 04/12/2019 | 16/10/2008 | Text Books |